[Event "18th IRI-chT Super League 2019"]
[Site "Tehran"]
[Date "2019.11.27"]
[Round "8.8"]
[White "Gholami, Aryan"]
[Black "Nazari, Arad"]
[Result "1-0"]
[WhiteElo "2549"]
[BlackElo "2334"]
[Annotator "TA"]
[PlyCount "87"]
[EventDate "2019.11.23"]
[EventType "team-tourn"]
[EventCountry "IRI"]
[SourceTitle "playchess.com"]
[Source "ChessBase"]
[SourceQuality "1"]

{[%evp 9,87,0,-5,-12,-16,-8,-17,-14,-12,-21,0,-5,0,0,0,-18,-15,-37,-21,-21,-15,-15,-15,-27,-9,-20,-2,-5,-6,-6,0,3,30,8,46,48,83,86,93,95,140,123,135,147,195,200,194,191,195,210,251,157,174,159,220,209,177,180,274,261,605,594,562,536,504,368,358,371,472,404,720,686,722,708,1859,1818,7006,6498,2286,1861]} 1. c4 c5 2. Nf3 Nc6 3. b3 e5 4. Bb2 d6 5. e3 (5. Nc3 g6 6. g3 Bg7 7. d3 Nge7 8. Bg2 h6 9. O-O O-O 10. Ne1 Be6 11. Nd5 Rb8 12. Nc2 b5 13. e3 bxc4 14. dxc4 f5 {½-½ (14) Maghsoodloo,P (2666)-Alekseev,E (2639) Bandar e Anzali 2019}) 5... g6 6. Be2 {A30: Symmetrical English: Double Fianchetto and Hedgehog} Bg7 7. O-O Nge7 8. Nc3 {The position is equal.} O-O 9. a3 a6 $146 ({Predecessor:} 9... h6 10. Rb1 d5 11. cxd5 Nxd5 {0-1 (33) Skeels,J (2334)-Kasperek,R (2476) LSS email 2008}) 10. Rb1 Bf5 11. d3 Rb8 12. Nd2 b5 13. Nce4 Bc8 14. Bf3 f5 15. Nc3 Be6 16. Nd5 Bf7 17. Qc2 (17. Bc3 {feels hotter.} Qd7 18. g3 a5 19. Ra1 b4 20. Bb2) 17... Nxd5 18. cxd5 Ne7 19. e4 a5 20. Be2 g5 21. Rfc1 b4 22. Ra1 Ra8 23. Ra2 Be8 24. Rca1 Bb5 {next ...fxe4 is good for Black.} 25. axb4 cxb4 26. Nc4 fxe4 27. dxe4 Bxc4 28. Bxc4 Ng6 29. Bc1 Nf4 30. Bb5 g4 31. Bc6 Ra7 (31... Rc8 $16 {might work better.} 32. Rxa5 Qf6) 32. Be3 $18 Raf7 33. Rxa5 Qh4 {[#]} (33... Qf6 {was called for.} 34. Ra7 Rxa7 35. Rxa7 Bh6) 34. Ra8 $1 Nh3+ $2 (34... Rc7 35. Rxf8+ Bxf8) 35. gxh3 gxh3 {If Black can now play ...Qg4+ this consolidates a bit.} 36. Kf1 Qg4 37. Qe2 Qxe4 {[%cal Re4h1] [#]} 38. Ke1 h5 39. Kd2 Qh4 (39... Qg2 $142 40. Rxf8+ Rxf8) 40. Rxf8+ {White is clearly winning.} Rxf8 41. Rg1 Kh7 42. Rg5 Bh6 43. Rxh5 Qd4+ 44. Qd3+ {Accuracy: White = 65%, Black = 28%.} 1-0

[Event "18th IRI-chT Super League 2019"]
[Site "Tehran"]
[Date "2019.11.27"]
[Round "8.9"]
[White "Ramezani, Mahan"]
[Black "Pourramezanali, Amirreza"]
[Result "0-1"]
[WhiteElo "2084"]
[BlackElo "2486"]
[Annotator "TA"]
[PlyCount "84"]
[EventDate "2019.11.23"]
[EventType "team-tourn"]
[EventCountry "IRI"]
[SourceTitle "playchess.com"]
[Source "ChessBase"]
[SourceQuality "1"]

{[%evp 16,96,5,0,6,7,1,-3,6,-25,-34,-28,-26,-20,0,0,0,-33,-27,-51,0,0,0,-21,-16,-18,0,0,0,-12,-13,-20,-10,-18,-15,-15,-11,-20,0,-16,-10,-11,-11,-37,0,0,0,0,0,0,0,0,0,-93,-12,-98,-122,-276,-266,-265,-271,-263,-246,-330,-308,-335,-323,-386,-387,-374,-325,-825,-811,-726,-618,-6099,-6099,-5800,-5800,-29993,-29994,-29995,-29991]} 1. Nf3 d5 2. d4 Nf6 3. g3 Bg4 4. Bg2 e6 5. O-O Nbd7 6. c4 c6 7. Nc3 Be7 8. Qb3 Qb6 9. c5 Qa6 {D11: Slav Defence: 3 Nf3 sidelines and 3...Nf6 4 e3 Bg4} 10. Bf4 b6 11. cxb6 axb6 {The position is equal.} 12. a4 O-O 13. h3 Bh5 14. Rfc1 Rfc8 15. g4 $146 ({Predecessor:} 15. e3 Qa5 16. g4 Bg6 17. Nh4 {½-½ (64) Vastrukhin,O (2398)-Kryakvin,D (2580) Taganrog 2018}) 15... Bg6 16. Nd2 h6 17. e4 dxe4 (17... c5 $15 18. e5 (18. exd5 cxd4 19. Nb5 Rxc1+ 20. Rxc1 Nc5 $15) 18... Ne8) 18. Ndxe4 $11 Nd5 19. Nxd5 cxd5 20. Rxc8+ Rxc8 21. Bf1 Qa5 22. Bd2 Qa7 23. Nc3 Qb8 24. Ba6 Rd8 25. Bb5 Nf6 26. Ne2 Bd6 27. Bb4 h5 28. Bxd6 Qxd6 29. Qg3 (29. Qa3 {with more complications.} Qb8 30. gxh5 Nxh5 31. Rc1 Qb7 32. Bc6) 29... Qe7 30. Nf4 hxg4 31. hxg4 Ne4 32. Qe3 Qg5 33. Ng2 Qf6 (33... Qxg4 34. f3 $14) 34. Bd3 {[#]} (34. Rc1 $11 {keeps the balance.}) 34... Rc8 (34... Nxf2 $1 $17 {[%mdl 512]} 35. Qxf2 Bxd3 36. Qxf6 gxf6) 35. f3 (35. Nf4 $11) 35... Ng5 $36 {[%mdl 2048] Keeping White busy.} 36. Rf1 $2 (36. Be2 $17) 36... Bxd3 $19 37. Qxd3 Rc4 38. f4 Ne4 ({Worse is} 38... Qxd4+ 39. Qxd4 Rxd4 40. fxg5 $16) 39. Rd1 g5 ({Don't play} 39... Rxa4 40. g5 $19) 40. f5 exf5 ({Don't do} 40... Rxa4 41. Ne3 $19) 41. gxf5 Qxf5 {And now ...Qf2+ would win.} 42. Rf1 Qe6 {Played: Qf5-g4} 0-1

[Event "18th IRI-chT Super League 2019"]
[Site "Tehran"]
[Date "2019.11.27"]
[Round "8.10"]
[White "Asadi, Motahare"]
[Black "Heydari, Zahra"]
[Result "1-0"]
[WhiteElo "2232"]
[BlackElo "1903"]
[Annotator "TA"]
[PlyCount "67"]
[EventDate "2019.11.23"]
[EventType "team-tourn"]
[EventCountry "IRI"]
[SourceTitle "playchess.com"]
[Source "ChessBase"]
[SourceQuality "1"]

{[%evp 14,67,27,23,31,28,26,9,13,10,31,14,46,33,45,8,42,39,41,25,27,36,43,35,37,30,40,20,137,138,133,134,119,122,350,354,354,349,966,954,1028,1022,1010,1009,1009,979,979,965,1139,1120,1029,893,1127,998,989,976]} 1. e4 e6 2. d4 d5 3. Nc3 Bb4 4. exd5 exd5 5. Bd3 Nc6 6. a3 Bxc3+ 7. bxc3 Nge7 8. Qf3 O-O {C01: French: Exchange Variation} (8... Be6 9. Nh3 Qd7 10. Ng5 O-O-O 11. O-O Rdf8 12. Nxe6 fxe6 13. Qe2 Nf5 14. a4 Nd6 15. Re1 Re8 16. Bf4 Rhf8 {1-0 (57) Vachier Lagrave,M (2788)-Caruana,F (2795) chess.com INT 2016}) 9. Ne2 Be6 10. Ng3 Qd7 {The position is equal.} 11. h3 f5 12. O-O $146 ({Predecessor:} 12. Nh5 Nc8 13. Qg3 Nd6 14. f3 Kh8 15. O-O g6 16. Nf4 Bf7 17. Ne2 Rae8 {1-0 (37) Souleidis,G (2412)-Deegens,V (2243) Netherlands 2006}) 12... Ng6 13. Nh5 Qf7 14. Qg3 Na5 (14... f4 $5 {[%cal Rf4g3]} 15. Qg5 f3 $14) 15. Re1 $36 {[%mdl 2048] White is more active.} Nc4 16. Re2 Nd6 17. f3 Rfe8 18. Nf4 Nf8 19. a4 Nc4 20. Rb1 {Strongly threatening Bxc4.} c6 (20... b6 $1 $11) 21. Bxc4 $1 $16 dxc4 22. Ba3 {[#] Rbe1 is the strong threat.} Bd5 23. Rbe1 {aiming for Re7.} Ne6 $2 (23... Rxe2 $16 {might work better.} 24. Rxe2 (24. Nxe2 Re8 $14) 24... Ng6 25. Nxg6 Qxg6 26. Qxg6 hxg6) 24. Nxd5 $18 cxd5 25. Qd6 $1 {[%csl LRd5,LRe6]} Rad8 $2 (25... Nf8 26. Re7 Rad8) 26. Rxe6 {White is clearly winning.} Rxd6 27. Rxe8+ Qxe8 28. Rxe8+ Kf7 29. Bxd6 {[#] Black must now prevent Re7+.} Kxe8 {KB-KP} 30. Kf2 Kd7 31. Bf8 g6 32. Ke3 Ke6 33. Kf4 Kf6 34. h4 {Accuracy: White = 72%, Black = 26%.} 1-0

[Event "18th IRI-chT Super League 2019"]
[Site "Tehran"]
[Date "2019.11.28"]
[Round "9.1"]
[White "Idani, Pouya"]
[Black "Daneshvar, Bardiya"]
[Result "1/2-1/2"]
[WhiteElo "2570"]
[BlackElo "2327"]
[Annotator "TA"]
[PlyCount "47"]
[EventDate "2019.11.23"]
[EventType "team-tourn"]
[EventCountry "IRI"]
[SourceTitle "playchess.com"]
[Source "ChessBase"]
[SourceQuality "1"]

{[%evp 10,47,32,24,31,36,27,26,43,18,60,20,14,19,30,20,19,8,15,17,49,23,6,21,18,15,7,17,26,0,0,0,0,11,0,-55,-45,-75,-67,-78]} 1. e4 c6 2. d4 d5 3. exd5 cxd5 4. Bd3 Nc6 5. c3 Nf6 6. h3 Ne4 {B13: Caro-Kann: Exchange Variation and Panov-Botvinnik Attack} (6... g6 7. Nf3 Bf5 8. Be2 Bg7 9. O-O O-O 10. Bf4 Ne4 11. Nbd2 Re8 12. Re1 h6 13. Bf1 g5 14. Bh2 Qd7 15. Nxe4 Bxe4 {1-0 (35) Caruana,F (2828)-Shankland,S (2725) chess.com INT 2019}) 7. Nd2 f5 8. Ndf3 e6 {White has an edge.} 9. Bf4 (9. h4 {feels hotter.} Be7 10. g3 O-O 11. Ne2 Bd7 12. Nf4) 9... Be7 $146 ({Predecessor:} 9... Bd6 10. Bxd6 Qxd6 11. Ne2 O-O 12. Qc1 Bd7 13. Qf4 Qxf4 14. Nxf4 {½-½ (57) Rocas,O-Sanguinetti,R Mar del Plata 1946}) 10. Ne2 O-O 11. O-O Bf6 12. Bh2 Bd7 13. Bb5 Qb6 14. a4 Be8 15. Ne1 Na5 16. Bxe8 Rfxe8 17. Nd3 Nc4 18. Ra2 Rac8 19. Bf4 g5 20. Bc1 f4 21. f3 Ned6 $1 {[%cal Rd6f5]} 22. b3 ({White should play} 22. g4 $11) 22... Na5 $1 $15 23. Nc5 Nf5 24. Nd7 {Accuracy: White = 67%, Black = 65%.} 1/2-1/2

[Event "18th IRI-chT Super League 2019"]
[Site "Tehran"]
[Date "2019.11.28"]
[Round "9.2"]
[White "Rastbod, Ali"]
[Black "Mosadeghpour, Masoud"]
[Result "1-0"]
[WhiteElo "2326"]
[BlackElo "2500"]
[Annotator "TA"]
[PlyCount "49"]
[EventDate "2019.11.23"]
[EventType "team-tourn"]
[EventCountry "IRI"]
[SourceTitle "playchess.com"]
[Source "ChessBase"]
[SourceQuality "1"]

{[%evp 13,55,9,13,0,8,10,57,42,66,76,72,68,174,177,172,188,265,298,253,250,433,438,401,434,436,437,430,444,426,444,445,448,427,431,427,449,487,479,489,489,478,481,572,550]} 1. c4 e6 2. Nf3 Nf6 3. g3 d5 4. Bg2 dxc4 5. Qa4+ Nbd7 6. Qxc4 c5 7. Qb3 Rb8 8. d4 {A13: English Opening: 1...e6} (8. d3 Bd6 9. a4 b6 10. Na3 a6 11. O-O O-O 12. Nc4 Bc7 13. Bd2 Bb7 14. Rfc1 Nd5 15. Qd1 Rc8 16. Qe1 a5 17. Bc3 Re8 {½-½ (41) Artemiev,V (2663)-Sjugirov,S (2653) Baku 2016}) 8... cxd4 9. O-O $146 ({Predecessor:} 9. Bf4 Ra8 10. O-O Nd5 11. Nxd4 Nxf4 12. gxf4 Bc5 13. Rd1 O-O 14. Nc3 e5 {½-½ (14) Arsovic,Z (2407)-Drasko,M (2509) Jahorina 2001}) 9... Nc5 10. Qd1 {White is slightly better.} Bd7 11. Ne5 a5 12. Na3 Nce4 (12... Be7 $14) 13. Qxd4 $18 Bxa3 14. bxa3 ({But not} 14. Bxe4 $6 Be7 $16) 14... Bc6 (14... Bb5 {keeps fighting.} 15. Qb2 Ba4) 15. Nxc6 bxc6 16. Qa4 Qd5 $2 (16... Nc5 17. Qxc6+ Nfd7) 17. Rd1 Qb5 {[#]} 18. Qc2 $1 O-O {White is clearly winning.} 19. Bxe4 Qe5 20. Bf4 {[%mdl 64] Skewer} Qxe4 21. Qxe4 Nxe4 22. Bxb8 Rxb8 {[%mdl 4096] Endgame KRR-KRN} 23. Rab1 {[%cal Rb1b8]} Rc8 {intending ...Nc3.} 24. Rb7 Nc3 {[#]} 25. Rdd7 {Played: Rb7-c7} 1-0

[Event "18th IRI-chT Super League 2019"]
[Site "Tehran"]
[Date "2019.11.28"]
[Round "9.3"]
[White "Pour Agha Bala, Amirreza"]
[Black "Gholami Orimi, Mahdi"]
[Result "0-1"]
[WhiteElo "2420"]
[BlackElo "2437"]
[Annotator "TA"]
[PlyCount "32"]
[EventDate "2019.11.23"]
[EventType "team-tourn"]
[EventCountry "IRI"]
[SourceTitle "playchess.com"]
[Source "ChessBase"]
[SourceQuality "1"]

{[%evp 9,118,54,65,8,45,19,31,16,25,17,15,12,27,-2,10,11,20,31,39,25,101,-34,0,-20,-14,-77,-16,-10,0,-123,-31,-41,-39,-136,-129,-127,-97,-98,-108,-100,-111,-98,-109,-118,-112,-114,-109,-125,-125,-114,-101,-135,-119,-147,-150,-172,-165,-169,-179,-171,-171,-174,-175,-197,-184,-200,-188,-253,-260,-273,-264,-272,-273,-256,-223,-222,-222,-208,-147,-147,-147,-147,-147,-154,-148,-147,-147,-681,-631,-4010,-6278,-29961,-29960,-29969,-29970,-29972,-29971,-29970,-1608,-29969,-29966,-29969,-29970,-29970,-29970,-29969,-29972,-29965,-29963,-29977,-29978]} 1. e4 e5 2. Nf3 Nc6 3. Bc4 g6 4. c3 d6 5. d4 Bg7 6. h3 {C50: Hungarian Defence and Giuoco Pianissimo} (6. O-O $14) (6. dxe5 dxe5 7. Qxd8+ Nxd8 8. Na3 a6 9. Nc2 Nf6 10. Nxe5 Nxe4 11. Nf3 Be6 {½-½ (23) Nataf,I (2534)-Sokolov,I (2623) Montpellier 2015}) 6... Nge7 7. d5 $146 ({Predecessor:} 7. Be3 O-O 8. O-O h6 9. Qd2 Kh7 10. Nh2 f5 11. exf5 Nxf5 {½-½ (20) Neumann,M (2066)-Woissard,M Griesheim 2002}) 7... Nb8 $1 {[%cal Bc6b8,Bb8a6,Ba6c5][%mdl 32]} 8. Bd3 {White is slightly better.} O-O 9. c4 a5 10. Nc3 Na6 11. g4 Nc5 12. Bc2 f5 13. gxf5 gxf5 14. Be3 f4 (14... fxe4 $11 15. Nxe4 Nf5) 15. Bc1 (15. Bxc5 $1 $16 {aiming for Ba3.} dxc5 16. Rg1) 15... Rf6 16. Qe2 c6 {Played: Rf6-h6} 0-1

[Event "18th IRI-chT Super League 2019"]
[Site "Tehran"]
[Date "2019.11.28"]
[Round "9.4"]
[White "Daghli, Arash"]
[Black "Mousavi, Seyed Khalil"]
[Result "0-1"]
[WhiteElo "2414"]
[BlackElo "2501"]
[Annotator "TA"]
[PlyCount "36"]
[EventDate "2019.11.23"]
[EventType "team-tourn"]
[EventCountry "IRI"]
[SourceTitle "playchess.com"]
[Source "ChessBase"]
[SourceQuality "1"]

{[%evp 9,60,0,0,-4,-4,0,0,-8,-5,-71,-64,-70,-74,-69,-67,-77,-53,-56,-42,-64,-56,-87,-75,-131,-113,-115,-117,-91,-41,-51,-65,-68,-72,-88,-8,-42,14,-21,81,85,81,0,25,-270,-259,-302,-287,-349,-374,-366,-356,-502,-487]} 1. e4 e5 2. Nc3 Nf6 3. Bc4 Bc5 4. d3 c6 5. Nf3 d6 6. a3 {C27: Vienna Game: 2...Nf6 3 Bc4 Nxe4} (6. h3 O-O 7. O-O Re8 8. Ne2 Nbd7 9. Ng3 Nf8 10. c3 Bb6 11. Bb3 Be6 12. a4 d5 13. Bg5 h6 14. Bxf6 Qxf6 {½-½ (94) Rapport,R (2731)-Kramnik,V (2777) Wijk aan Zee 2019}) 6... a5 7. Ba2 $146 ({Predecessor:} 7. h3 Nbd7 8. O-O O-O 9. Re1 Re8 10. Be3 a4 11. Qd2 Qb6 12. Rab1 Nf8 13. d4 exd4 14. Bxd4 Bxd4 15. Qxd4 Qxd4 16. Nxd4 {½-½ (49) Sveshnikov,V (2367)-Meskovs,N (2546) Jurmala 2018}) 7... O-O 8. h3 {The position is equal.} Be6 9. g4 (9. Bxe6 $11 {keeps the balance.} fxe6 10. O-O) 9... Bxa2 $17 10. Nxa2 Na6 {[%cal Bb8a6,Ba6c7,Bc7e6,Be6f4][%mdl 32]} 11. Nc3 Nc7 12. Be3 Nd7 13. Ne2 Ne6 14. Ng3 d5 15. Qe2 Re8 16. c4 (16. h4 $142) 16... Nf4 17. Qd2 Qf6 18. g5 Ng2+ {Played: Nf4xd3} 0-1

[Event "18th IRI-chT Super League 2019"]
[Site "Tehran"]
[Date "2019.11.28"]
[Round "9.5"]
[White "Alinasab, Mobina"]
[Black "Asgharzadeh, Mitra"]
[Result "1-0"]
[WhiteElo "2318"]
[BlackElo "2193"]
[Annotator "TA"]
[PlyCount "75"]
[EventDate "2019.11.23"]
[EventType "team-tourn"]
[EventCountry "IRI"]
[SourceTitle "playchess.com"]
[Source "ChessBase"]
[SourceQuality "1"]

{[%evp 26,75,38,18,27,31,37,33,43,6,33,0,0,0,0,0,0,2,0,0,347,344,338,325,356,351,471,471,471,470,470,470,507,453,448,258,542,441,580,589,578,582,575,581,581,581,597,589,1241,1241,1241,1241]} 1. e4 c5 2. Nf3 g6 3. d4 cxd4 4. Nxd4 Nc6 5. c4 Nf6 6. Nc3 d6 7. Be2 Nxd4 8. Qxd4 Bg7 9. Be3 O-O 10. Qd2 Be6 11. Rc1 Qa5 12. f3 Rfc8 13. b3 a6 14. a4 Nd7 {B36: Sicilian: Maroczy Bind: Gurgenidze System} (14... Qb4 15. Nd5 Nxd5 16. exd5 Qxd2+ 17. Kxd2 Bd7 18. a5 e6 19. dxe6 Bxe6 20. b4 d5 21. c5 d4 22. Bf4 Bd5 23. Rhe1 Re8 {1-0 (23) Arun Prasad,S (2520)-Brendel,O (2338) Las Vegas 2015}) 15. Nd5 Qxd2+ 16. Kxd2 Bxd5 {White is slightly better.} 17. exd5 Nc5 18. Bd1 {[#]} b5 $1 {[%mdl 512]} 19. a5 $146 (19. axb5 axb5) ({Predecessor:} 19. cxb5 axb5 20. Ke2 bxa4 21. bxa4 Kf8 22. h4 {0-1 (43) Laube,B-Warzecha,H Germany 2000}) 19... bxc4 20. Rxc4 Rab8 21. b4 Nd7 22. Rc6 {aiming for Be2.} Ne5 $2 {[%mdl 8192]} (22... Rf8 $11) 23. Rxc8+ $18 Rxc8 {[#]} 24. Be2 $1 Ra8 25. Rc1 e6 26. f4 Nd7 27. dxe6 fxe6 28. Rc6 Rb8 29. Rxd6 Nf6 {Strongly threatening ...Ne4+.} 30. Rxa6 (30. Rxe6 $142 Rxb4 31. Rc6 Ne4+ 32. Kd3) 30... Rxb4 $2 (30... Nd5 {was necessary.} 31. Rxe6 Bc3+ 32. Kd3 Bxb4) 31. Rb6 {White is clearly winning.} Ra4 32. Rb8+ Kf7 33. Rb7+ Kg8 34. a6 Ra2+ 35. Ke1 Nd5 36. Bc5 Nc3 {[#]} 37. Rxg7+ $1 {[%mdl 576] Remove Defender, Decoy} Kxg7 38. Bd4+ {[%mdl 64] Double Attack. Accuracy: White = 81%, Black = 33%.} 1-0

[Event "18th IRI-chT Super League 2019"]
[Site "Tehran"]
[Date "2019.11.28"]
[Round "9.6"]
[White "Darini, Pouria"]
[Black "Maghsoodloo, Parham"]
[Result "0-1"]
[WhiteElo "2427"]
[BlackElo "2684"]
[Annotator "TA"]
[PlyCount "92"]
[EventDate "2019.11.23"]
[EventType "team-tourn"]
[EventCountry "IRI"]
[SourceTitle "playchess.com"]
[Source "ChessBase"]
[SourceQuality "1"]

{[%evp 10,92,10,10,22,15,9,11,14,10,10,17,24,23,21,0,0,0,13,-12,0,0,18,0,0,0,16,-7,17,-17,0,-68,-54,-63,-61,-57,-26,-131,-132,-250,-250,-250,-243,-250,-253,-247,-191,-202,-172,-311,-323,-380,-312,-313,-267,-321,-299,-272,-208,-411,-419,-407,-400,-538,-507,-477,-347,-387,-397,-850,-847,-827,-778,-1133,-991,-972,-956,-878,-869,-1409,-1377,-1620,-1585,-5589,-1217]} 1. e4 c5 2. Nf3 Nc6 3. Bb5 g6 4. O-O Bg7 5. c3 Nf6 6. Re1 Qb6 {B31: Sicilian: 2...Nc6 3 Bb5 g6} (6... O-O 7. h3 e5 8. d3 d6 9. Nbd2 h6 10. Nf1 Be6 11. Ng3 Rc8 12. Ba4 Nd7 13. Bb3 Re8 14. Be3 a6 15. a3 b5 16. Bxe6 Rxe6 17. b4 {½-½ (61) Artemiev,V (2746)-Le,Q (2708) Khanty-Mansiysk 2019}) 7. Na3 O-O 8. e5 Ne8 {The position is equal.} 9. d4 cxd4 $1 10. cxd4 d5 11. h3 Bf5 12. Be3 $146 ({Predecessor:} 12. Bg5 f6 13. exf6 Nxf6 14. Bxc6 bxc6 15. Rxe7 Qxb2 {1-0 (38) Boehnisch,M (2261)-Rositsan,B (2077) Bled 2018}) 12... Nc7 13. Bxc6 bxc6 14. Qd2 f6 15. Rac1 a5 16. Bh6 Bxh6 17. Qxh6 {aiming for exf6.} Rae8 18. Re3 a4 19. Nh4 fxe5 20. Nf3 ({White should play} 20. Rec3 $11) 20... Ne6 ({Wrong is} 20... exd4 $2 {[#]} 21. Ng5 $1 $18 {[%mdl 512]}) 21. Rxe5 Qxb2 {[%mdl 64] Double Attack} 22. Qe3 Nd8 {Threatens to win with ...Nf7.} 23. Re1 (23. Qc3 $1 $11 Qxc3 24. Rxc3) 23... Qxa2 $17 24. Qc1 (24. Ng5 $17) 24... Be4 $1 $19 25. Nd2 {And now Qc3 would win.} Nf7 26. Qc3 {Ra1 is the strong threat.} Nxe5 27. Ra1 {[#]} Qxa1+ $1 28. Qxa1 Nd3 {White must now prevent ...Bxg2!} 29. f3 (29. Nxe4 $142 dxe4 30. Qa2+ Kg7 31. Qc4) 29... Bf5 30. Qc3 Rc8 31. Kh2 g5 32. Nf1 Bg6 33. Ne3 h5 34. Qa5 $2 (34. Nac2) 34... Rf6 35. Qxa4 Re6 36. Qa6 Rd8 37. Nac2 Kf7 38. Qb7 Nf4 39. Qc7 $2 (39. Qb3) 39... Rdd6 {Black is clearly winning.} 40. Qc8 Kg7 41. Kh1 h4 42. Kg1 Bxc2 43. Nxc2 Re2 {[%mdl 64] Double Attack} 44. Qf5 Rxg2+ 45. Kf1 Rf6 46. Qe5 Ng6 {Accuracy: White = 31%, Black = 64%.} 0-1

[Event "18th IRI-chT Super League 2019"]
[Site "Tehran"]
[Date "2019.11.28"]
[Round "9.7"]
[White "Ghaem Maghami, Ehsan"]
[Black "Asgarizadeh, Ahmad"]
[Result "1/2-1/2"]
[WhiteElo "2552"]
[BlackElo "2449"]
[Annotator "TA"]
[PlyCount "108"]
[EventDate "2019.11.23"]
[EventType "team-tourn"]
[EventCountry "IRI"]
[SourceTitle "playchess.com"]
[Source "ChessBase"]
[SourceQuality "1"]

{[%evp 12,108,0,-4,15,21,26,5,13,7,18,13,20,30,9,35,28,8,1,8,50,44,62,58,61,61,57,36,41,0,52,51,53,51,83,32,14,0,18,0,0,0,0,0,7,3,12,-26,-29,-98,-60,-56,-64,-45,-8,-6,0,0,0,0,0,-112,-118,-121,-69,-69,-70,-69,-70,-70,-67,-64,-66,-69,-69,-68,-68,-68,-8,-69,-69,-69,-69,-67,-20,-98,0,0,0,0,0,0,0,0,0,0,0,-69,-69]} 1. c4 e6 2. Nc3 d5 3. d4 Bb4 4. e3 Nf6 5. Nf3 O-O 6. Bd2 b6 7. a3 Bxc3 {E51: Nimzo-Indian: Rubinstein: 4...0-0 5 Nf3 d5} (7... Bd6 8. Qc2 c5 9. Be2 Bb7 10. cxd5 exd5 11. O-O Nbd7 12. dxc5 bxc5 13. b4 Rc8 14. bxc5 Nxc5 15. Nb5 {0-1 (60) Sokolov,I (2589)-Giri,A (2752) Amstelveen 2017}) 8. Bxc3 Ne4 9. Rc1 Ba6 {The position is equal.} 10. Qc2 Nd7 11. Bd3 $146 ({Predecessor:} 11. b4 Nxc3 12. Qxc3 c6 13. Bd3 Rc8 14. c5 Bxd3 15. Qxd3 {½-½ (52) Cruz Lledo,P (2443)-De Schampheleire,G (2347) Charleroi 2018}) 11... f5 12. cxd5 Bxd3 13. Qxd3 exd5 14. Qb5 c5 15. O-O Rc8 16. dxc5 Ndxc5 17. Be5 Qd7 18. Qe2 Nb3 19. Rcd1 Na5 20. Rc1 Nb3 21. Rxc8 Rxc8 22. Qd1 Na5 23. Bd4 (23. b3 $16) 23... Qb5 $14 24. Be5 Qb3 25. h3 g6 26. Bf4 Rc5 27. Ng5 Qxd1 ({Avoid the trap} 27... Qxb2 $2 28. Nxe4 fxe4 29. Bd6 $18) 28. Rxd1 Nb3 29. Ne6 Rc2 $1 30. Nd4 (30. f3 $11 {remains equal.} Ned2 31. Be5) 30... Rxb2 {Strongly threatening ...Nc3.} 31. Nxb3 Rxb3 32. Rxd5 $17 {[%mdl 4096] Endgame KRB-KRN} Rb1+ 33. Kh2 Nxf2 34. Rd7 $1 Rh1+ 35. Kg3 Ne4+ 36. Kf3 (36. Kh4 $11 {was the only way to keep the balance.}) 36... g5 {Threatens to win with ...Rf1+.} 37. Be5 {[#]} Rf1+ (37... h5 $1 $17 38. Rxa7 Rf1+ 39. Ke2 Rf2+ 40. Ke1 Rxg2 41. Rg7+ Kf8) 38. Ke2 $15 Rf2+ {[%mdl 64] Double Attack} 39. Ke1 Rxg2 40. Rg7+ $1 Kf8 {...Rg3! is the strong threat.} 41. Rxh7 a5 42. Rb7 Ra2 43. Rxb6 Rxa3 44. Bd4 $1 Kf7 (44... Ke7 $15) 45. Rb7+ (45. Rb5 $1 $11) 45... Kg6 46. Rg7+ Kh6 {Hoping for ...Rxe3+!} 47. Rf7 $1 Rb3 {With the idea ...Rb1+.} 48. Kd1 (48. Kf1 $1 $11) 48... f4 (48... Rb1+ $17 49. Kc2 Rf1) 49. Kc2 $1 $11 {[%cal Rc2b3]} Rb4 50. h4 $1 Kg6 51. Re7 Ng3 52. Rg7+ Kh5 53. Rxg5+ {[%mdl 64] [#] Double Attack} Kxh4 54. exf4 ({Better is} 54. Rg8 $11) 54... Rxd4 {Accuracy: White = 53%, Black = 57%.} 1/2-1/2